000 00367nab a22001097u 4500
008 130520b2008 xxu||||| |||| 00| 0 eng d
041 _aeng
100 1 _aKapusta, Pawel
_98006
245 0 0 _aPublish of Perish? Theological Reflections on Ecclesial Understanding
_cPawel Kapusta
773 0 _tGregorianum
_gV.89, nº4,2008,págs. 868-881
_x0017-4114
_wRev219
942 _cAR
999 _c305806
_d305806